Zwischen Literatur und Naturwissenschaft : Debatten - Probleme - Visionen 1680-1820.

Bibliographic Details
Main Author: Freiburg, Rudolf.
Other Authors: Lubkoll, Christine., Neumeyer, Harald.
Format: eBook
Language:German
Published: Berlin/Boston : Walter de Gruyter GmbH, 2017.
Edition:1st ed.
Series:Literatur- und Naturwissenschaften Series
Subjects:
Online Access:Click to View
LEADER 02952nam a22004093i 4500
001 EBC5493962
003 MiAaPQ
005 20231204023214.0
006 m o d |
007 cr cnu||||||||
008 231204s2017 xx o ||||0 ger d
020 |a 9783110528114  |q (electronic bk.) 
020 |z 9783110523102 
035 |a (MiAaPQ)EBC5493962 
035 |a (Au-PeEL)EBL5493962 
035 |a (OCoLC)987938843 
040 |a MiAaPQ  |b eng  |e rda  |e pn  |c MiAaPQ  |d MiAaPQ 
100 1 |a Freiburg, Rudolf. 
245 1 0 |a Zwischen Literatur und Naturwissenschaft :  |b Debatten - Probleme - Visionen 1680-1820. 
250 |a 1st ed. 
264 1 |a Berlin/Boston :  |b Walter de Gruyter GmbH,  |c 2017. 
264 4 |c ©2017. 
300 |a 1 online resource (266 pages) 
336 |a text  |b txt  |2 rdacontent 
337 |a computer  |b c  |2 rdamedia 
338 |a online resource  |b cr  |2 rdacarrier 
490 1 |a Literatur- und Naturwissenschaften Series ;  |v v.5 
505 0 |a Intro -- Vorwort -- Inhaltsverzeichnis -- Einleitung -- Wissensgeschichtliche Übergänge und Paradigmen -- Die theatrale Ausstellung wundersamer Maschinentechnik: Ambivalente Konfigurationen von Technik und Theater im Siglo de Oro -- „Our never failing guide, the Watch": Der ‚Längengrad' in der englischen Literatur und Kultur des achtzehnten Jahrhunderts -- Wie eine Naturwissenschaft zum Märchen wird: Die Alchemie-Debatte der Aufklärung und ihre literarischen Folgen -- „Eine höchst vollkommene Maschine": Von der poetischen Faszination einer mechanischen Ente im späten achtzehnten Jahrhundert -- Schreibweisen und Vermittlungsformen -- Physikalische Belustigungen, Metamorphosen im Musenalmanach: Naturkunde und Poesie in Zeitschriften der Aufklärung -- ‚Glückliche Konstellation'? ,Lehrgedicht', Komet und ,Versuch', 1744-1747 -- Eine kleine Debatte zur adäquaten Darstellung naturwissenschaftlichen Wissens um 1800: Gehler's Physikalisches Wörterbuch (1787-1795) und Goethes Zur Farbenlehre (1810) -- Schreiben auf der surface du globe: Naturgeschichte um 1800 zwischen Biologie und Ästhetik bei Georges Cuvier -- La nature du feu: Nächtliche Szenen mit Eḿilie du Châtelet -- Autorinnen und Autoren -- Sachregister -- Namensregister. 
588 |a Description based on publisher supplied metadata and other sources. 
590 |a Electronic reproduction. Ann Arbor, Michigan : ProQuest Ebook Central, 2023. Available via World Wide Web. Access may be limited to ProQuest Ebook Central affiliated libraries.  
655 4 |a Electronic books. 
700 1 |a Lubkoll, Christine. 
700 1 |a Neumeyer, Harald. 
776 0 8 |i Print version:  |a Freiburg, Rudolf  |t Zwischen Literatur und Naturwissenschaft  |d Berlin/Boston : Walter de Gruyter GmbH,c2017  |z 9783110523102 
797 2 |a ProQuest (Firm) 
830 0 |a Literatur- und Naturwissenschaften Series 
856 4 0 |u https://ebookcentral.proquest.com/lib/matrademy/detail.action?docID=5493962  |z Click to View